000
00341pam a2200157a 44500
008
230515b2001 xxu||||| |||| 00| 0 eng d
020
_a
NULL
041
_a
ENGL
082
_a
423/ CBS.
100
_a
CBS
245
_a
WEBSTER?S POCKET DICTIONARY
250
_a
N.D.
260
_a
NULL
_b
C.B.S
_c
2001
300
_a
668 PB
650
_a
NULL
999
_c
632898
_d
632898